| 000 | 00516nam a2200205Ia 4500 | ||
|---|---|---|---|
| 008 | 160319s9999 xx 000 0 und d | ||
| 050 | _a398.2 | ||
| 050 | _bAq657p 1972 | ||
| 100 | _aAquino, Gaudencio V. | ||
| 245 | _aPhilippine legends / | ||
| 245 | _cby Gaudencio V. Aquino. | ||
| 260 | _aMandaluyong City : | ||
| 260 | _bNational Bookstore | ||
| 260 | _c1972 | ||
| 300 | _a 133 pages : | ||
| 300 | _billustration ; | ||
| 300 | _c18 cm. | ||
| 650 | _aLegends -- Philippines. | ||
| 650 | _aReaders. | ||
| 999 |
_c292137 _d292137 |
||